000 00353 a2200169 4500
001 182512
020 _a85-7319-264-X
040 _cMagnum
100 _aCaruso, Carla
240 1 0 _aBichos de quintal
_lpor
245 1 0 _aBichos de quintal
300 _a22
362 0 _a1998
440 1 _aDimensão
697 _aLITERATURA INFANTIL
942 _cBK
999 _c182512
_d182512